| 000 | 00473 a2200181 4500 | ||
|---|---|---|---|
| 003 | Nust | ||
| 005 | 20230223173215.0 | ||
| 040 | _cNust | ||
| 082 | _a515.63,YOU | ||
| 100 |
_aDr S.M Yusuf _939317 |
||
| 245 |
_aVector analysis / _cDr S.M. Yusuf |
||
| 250 | _arevised edition | ||
| 260 |
_aLahore _bIlmi Kitab Khana _c1993 |
||
| 300 | _a88p | ||
| 505 | _aVector in three Dimensions (Page-7), Vector Calculus (Page-53). | ||
| 650 | _a Vector Analysis | ||
| 942 |
_2ddc _cBK |
||
| 999 |
_c179351 _d179351 |
||